000 00911nam a2200229Ia 4500
001 11425
003 GE_BSU
008 181216s||||||||xx |||||||||||||| ||und||
040 _cGE_BSU
080 _a631.315
100 _aკიკაბიძე,ი.ს.
245 _aმებაღეობის მექანიზაცია.
245 _bდამხმ.სახელმძღვანელო სას-სამ.ინ-ტის მექანიზაციისა და მებაღეობის ფაკ-ტის სტუდენტებისათვის.
245 _cრედ:მ.სულაძე;
260 _aთბილისი.
260 _bგანათლება.
260 _c1977.
300 _a266გვ;22სმ.
300 _eილ;ცხრ.
653 _aმებაღეობის მექანიზაცია.
942 _cBK
999 _c44622
_d44622